[Event "Villa Martelli zt 2.5"]
[Site "Villa Martelli"]
[Date "2017.05.07"]
[Round "8"]
[White "Opychaneyj, German1111"]
[Black "Allo, Esteban Manuel"]
[Result "0-1"]
[WhiteElo "1818"]
[BlackElo "2013"]
[PlyCount "88"]
[EventDate "2017.04.30"]
[EventType "swiss"]
[EventRounds "9"]
[EventCountry "ARG"]
[SourceTitle "CBM 178 Extra"]
[Source "ChessBase"]
[SourceDate "2017.06.22"]
[SourceVersion "1"]
[SourceVersionDate "2017.06.22"]
[SourceQuality "1"]

1. d4 Nf6 2. Nf3 e6 3. e3 b6 4. Bd3 Bb7 5. Nbd2 c5 6. c3 cxd4 7. exd4 d6 8. 0-0 Be7 9. Re1 Nbd7 10. Qe2 0-0 11. Nf1 Re8 12. Bg5 Qc7 13. h3 a6 14. a4 Nf8 15. N1d2 Nd5 16. Bxe7 Qxe7 17. Bc2 Nf4 18. Qe3 N8g6 19. Be4 Bxe4 20. Nxe4 d5 21. Ned2 Qc7 22. h4 Ne7 23. Ne5 Nfg6 24. h5 Nxe5 25. dxe5 Nf5 26. Qf4 Qe7 27. Nf3 Rec8 28. Ra3 Rc4 29. Nd4 Qc5 30. b4 Qc7 31. Qd2 Nxd4 32. cxd4 Qe7 33. Rc3 Rac8 34. Rxc4 Rxc4 35. Rc1 Qc7 36. Rxc4 dxc4 37. Qc3 b5 38. a5 Qe7 39. f3 Qg5 40. g4 Qf4 41. Kg2 h6 42. Kf2 Kf8 43. Kg2 Ke7 44. Qc2 Qxd4 0-1

[Event "Mar del Plata op 48th"]
[Site "Mar del Plata"]
[Date "2017.04.09"]
[Round "2"]
[White "Allo, Esteban Manuel"]
[Black "Acosta, Pablo Ismael"]
[Result "0-1"]
[WhiteElo "2065"]
[BlackElo "2428"]
[PlyCount "98"]
[EventDate "2017.04.08"]
[EventType "swiss"]
[EventRounds "9"]
[EventCountry "ARG"]
[SourceTitle "CBM 178 Extra"]
[Source "ChessBase"]
[SourceDate "2017.06.22"]
[SourceVersion "1"]
[SourceVersionDate "2017.06.22"]
[SourceQuality "1"]

1. e4 c5 2. Nf3 e6 3. d4 cxd4 4. Nxd4 Nc6 5. Nb3 Nf6 6. Bd3 Be7 7. 0-0 0-0 8. Nc3 a6 9. a4 b6 10. f4 d6 11. Be3 Nd7 12. Qh5 Bf6 13. e5 g6 14. Qf3 dxe5 15. Qxc6 Rb8 16. Qf3 Bg7 17. Qe2 exf4 18. Bxf4 e5 19. Bg3 f5 20. Bxa6 Bxa6 21. Qxa6 Rc8 22. Rad1 Qe8 23. Qb7 Rf7 24. Nb5 Bf8 25. Nd6 Bxd6 26. Rxd6 Rxc2 27. Rfd1 Nf8 28. Qxb6 f4 29. Be1 Qxa4 30. Bc3 f3 31. gxf3 Rxf3 32. R6d2 Qg4+ 33. Kh1 Rd3 34. Qf2 Qxd1+ 35. Rxd1 Rxd1+ 36. Kg2 Rxf2+ 37. Kxf2 Nd7 38. Nd2 Kf7 39. Nf3 Ke6 40. Ke2 Rh1 41. Ke3 h6 42. Kf2 e4 43. Nd4+ Kd5 44. Kg2 Rb1 45. Nc2 Nc5 46. Ne3+ Ke6 47. Kg3 Nd3 48. Nc4 Rg1+ 49. Kh4 Nf4 0-1

[Event "Villa Gesell Playas U2200 op"]
[Site "Villa Gesell"]
[Date "2014.08.18"]
[Round "6.1"]
[White "Beckerman, Marcelo"]
[Black "Allo, Esteban Manuel"]
[Result "1/2-1/2"]
[WhiteElo "1986"]
[BlackElo "1998"]
[PlyCount "33"]
[EventDate "2014.08.16"]
[EventType "swiss"]
[EventRounds "7"]
[EventCountry "ARG"]
[SourceTitle "EXT 2024"]
[Source "ChessBase"]
[SourceDate "2023.10.10"]
[SourceVersion "1"]
[SourceVersionDate "2023.10.10"]
[SourceQuality "1"]

1. d4 Nf6 2. Bg5 b6 3. Bxf6 exf6 4. Nf3 Bb7 5. Nbd2 g6 6. e3 Bg7 7. g3 0-0 8. Bg2 d6 9. 0-0 Nd7 10. c4 f5 11. Rc1 c5 12. b3 Nf6 13. d5 Qe7 14. Qc2 Rae8 15. Rfe1 Ne4 16. h4 Bc8 17. a4 1/2-1/2

[Event "Madariaga Tiberio Cup"]
[Site "Madariaga"]
[Date "2014.06.21"]
[Round "3"]
[White "Allo, Esteban Manuel"]
[Black "Conde, Adrian"]
[Result "1/2-1/2"]
[WhiteElo "1996"]
[BlackElo "2066"]
[PlyCount "102"]
[EventDate "2014.06.20"]
[EventType "swiss"]
[EventRounds "7"]
[EventCountry "ARG"]
[SourceTitle "CBM 161 Extra"]
[Source "ChessBase"]
[SourceDate "2014.08.29"]
[SourceVersion "1"]
[SourceVersionDate "2014.08.29"]
[SourceQuality "1"]

1. e4 c5 2. c3 d5 3. exd5 Qxd5 4. d4 Nf6 5. Nf3 Bg4 6. dxc5 Qxd1+ 7. Kxd1 e5 8. b4 a5 9. Bb5+ Nc6 10. Kc2 Bxf3 11. gxf3 0-0-0 12. Bxc6 bxc6 13. Nd2 Nd5 14. a3 axb4 15. cxb4 Be7 16. Nc4 Kc7 17. Nxe5 Bf6 18. Bb2 Rhe8 19. Rhe1 Re7 20. Nd3 Bxb2 21. Rxe7+ Nxe7 22. Nxb2 Nf5 23. a4 Nd4+ 24. Kc3 Nxf3 25. b5 Nxh2 26. Rh1 Ng4 27. Rxh7 Nxf2 28. Rxg7 Ne4+ 29. Kc4 cxb5+ 30. axb5 Rd7 31. Nd3 Nd2+ 32. Kc3 Ne4+ 33. Kc2 Rd5 34. Rxf7+ Kc8 35. Rf4 Nxc5 36. Rc4 Kb7 37. Nxc5+ Kb6 38. Nd3 Kxb5 39. Rc8 Rd6 40. Kd2 Rh6 41. Nf4 Kb4 42. Ke3 Rh4 43. Ke4 Kb5 44. Ke5 Rh1 45. Kd6 Rh2 46. Rc5+ Kb4 47. Nd5+ Kb3 48. Rc3+ Kb2 49. Rg3 Rh8 50. Kc5 Kc2 51. Nb4+ Kd2 1/2-1/2

[Event "General Madariaga op"]
[Site "General Madariaga"]
[Date "2014.03.16"]
[Round "6"]
[White "Claverie, Raul Ricardo"]
[Black "Allo, Esteban Manuel"]
[Result "1-0"]
[WhiteElo "2516"]
[BlackElo "1974"]
[PlyCount "131"]
[EventDate "2014.03.14"]
[EventType "swiss"]
[EventRounds "6"]
[EventCountry "ARG"]
[SourceTitle "CBM 159 Extra"]
[Source "ChessBase"]
[SourceDate "2014.04.24"]
[SourceVersion "1"]
[SourceVersionDate "2014.04.24"]
[SourceQuality "1"]

1. Nf3 Nf6 2. g3 c5 3. Bg2 Nc6 4. 0-0 e6 5. d3 Be7 6. e4 d6 7. Nbd2 0-0 8. Re1 Bd7 9. e5 dxe5 10. Nc4 Qc7 11. Nfxe5 Nxe5 12. Nxe5 Rad8 13. b3 Bc8 14. Bb2 Nd5 15. a4 f6 16. Nc4 e5 17. Qe2 Rfe8 18. Qh5 g6 19. Qe2 Bf8 20. f4 Bg7 21. fxe5 fxe5 22. Bxd5+ Rxd5 23. Nd2 Qc6 24. Ne4 Rf8 25. Bc1 Rdd8 26. Bg5 Rde8 27. Qe3 b6 28. Bh6 Bh3 29. Bxg7 Kxg7 30. a5 Re7 31. axb6 axb6 32. Qg5 Qd7 33. Qe3 Qb7 34. Qg5 h6 35. Qh4 Qd7 36. Nf2 Bf5 37. g4 g5 38. Qg3 Bg6 39. Rxe5 Ref7 40. Re2 Qd4 41. Rf1 Rf4 42. Qe3 Qb4 43. Qe5+ Kh7 44. Ra1 R4f7 45. Ne4 Kg8 46. Qc3 Qxc3 47. Nxc3 Rf4 48. h3 Rf3 49. Kg2 h5 50. gxh5 Bxh5 51. Rae1 R3f6 52. Ne4 Rf4 53. Re3 Bf3+ 54. Kg3 g4 55. Ng5 Bc6 56. Re6 R4f6 57. hxg4 Bd5 58. Rxf6 Rxf6 59. c4 Rg6 60. Re5 Bh1 61. Re1 Bb7 62. Re7 Bh1 63. Re1 Bb7 64. Re8+ Kg7 65. Re7+ Kg8 66. Rxb7 1-0

[Event "General Madariaga op"]
[Site "General Madariaga"]
[Date "2014.03.15"]
[Round "3"]
[White "Allo, Esteban Manuel"]
[Black "Sosa, Adrian"]
[Result "1-0"]
[WhiteElo "1974"]
[BlackElo "1667"]
[PlyCount "85"]
[EventDate "2014.03.14"]
[EventType "swiss"]
[EventRounds "6"]
[EventCountry "ARG"]
[SourceTitle "CBM 159 Extra"]
[Source "ChessBase"]
[SourceDate "2014.04.24"]
[SourceVersion "1"]
[SourceVersionDate "2014.04.24"]
[SourceQuality "1"]

1. e4 g6 2. d4 Bg7 3. Nf3 d6 4. Be2 Nf6 5. Nc3 0-0 6. 0-0 c6 7. a4 Nbd7 8. h3 a5 9. Be3 Qc7 10. Re1 Re8 11. Qd2 b6 12. d5 cxd5 13. exd5 Nc5 14. Bb5 Bd7 15. Bd4 e5 16. dxe6 Rxe6 17. Ng5 Ree8 18. Bxf6 Bxf6 19. Nd5 Rxe1+ 20. Rxe1 Qd8 21. Bxd7 Bxg5 22. f4 Qxd7 23. fxg5 Qd8 24. Re8+ Qxe8 25. Nf6+ Kg7 26. Nxe8+ Rxe8 27. Qxd6 Re6 28. Qd4+ Kg8 29. c3 Ne4 30. b4 Ng3 31. Qd8+ Kg7 32. bxa5 bxa5 33. Qxa5 Nf5 34. c4 h5 35. gxh6+ Nxh6 36. Qc3+ f6 37. g4 Nf7 38. c5 Ne5 39. Qb3 Rc6 40. Qd5 g5 41. a5 Kf8 42. Kf2 Ke7 43. a6 1-0

[Event "Buenos Aires Duchamp Memorial op 5th"]
[Site "Buenos Aires"]
[Date "2013.03.24"]
[Round "3"]
[White "Allo, Esteban Manuel"]
[Black "Mayorga, Nicolas"]
[Result "1/2-1/2"]
[WhiteElo "1962"]
[BlackElo "2284"]
[PlyCount "93"]
[EventDate "2013.03.23"]
[EventType "swiss"]
[EventRounds "8"]
[EventCountry "ARG"]
[SourceTitle "CBM 153 Extra"]
[Source "ChessBase"]
[SourceDate "2013.04.22"]
[SourceVersion "1"]
[SourceVersionDate "2013.04.22"]
[SourceQuality "1"]

1. e4 c5 2. c3 d6 3. d4 Nf6 4. Bd3 g6 5. Nf3 Bg7 6. 0-0 0-0 7. h3 b6 8. e5 Ne8 9. Be4 d5 10. dxc5 Nc7 11. cxb6 axb6 12. Bc2 Nc6 13. Bf4 Ne6 14. Bg3 Ba6 15. Re1 Qd7 16. Nbd2 Rfd8 17. Nb3 b5 18. a3 Bh6 19. Nfd4 Ncxd4 20. Nxd4 Rac8 21. Qg4 Nxd4 22. Qxd4 Rc4 23. Qb6 Rc6 24. Qd4 e6 25. Bd3 Bf8 26. Bh4 Rdc8 27. Bf6 R6c7 28. Rad1 Ra8 29. Bf1 Qc6 30. Qh4 Bb7 31. Rd4 Qe8 32. Red1 Bc6 33. Qg5 Ra4 34. c4 bxc4 35. Bxc4 Bb5 36. Bb3 Rxd4 37. Rxd4 Qc6 38. Kh2 Qc1 39. Qxc1 Rxc1 40. Rd2 Bh6 41. Rc2 Rxc2 42. Bxc2 Be2 43. a4 d4 44. a5 d3 45. Bb3 d2 46. a6 Bxa6 47. Bd1 1/2-1/2